000 00615nam a2200205Ia 4500
003 OSt
005 20250218142039.0
008 210210b1995 xxu||||| |||| 00| 0 eng d
040 _cAL
041 _aKonkani
082 _a891.468 SIKM
100 _aSIKER (J B)
_dಜೆ.ಬಿ. ಸಿಕೇರ್
_9200782
245 _aMukhavara/movla Vol 1
_bಮುಖಾವರಾಂ / ಮೊವ್ಳಾಂ’ ಭಾಗ್ - 1
260 _aBombay.
_bKonkani Prakashanalaya.,
_c1995
300 _axxviii,191
650 _aSequeira
_9200783
690 _aKonkani Miscellaneous
_9200784
906 _a051835
942 _2ddc
_cBK
999 _c100168
_d100168